00841nam a22002777a 4500003000500000005001700005008004100022010001100063011001100074020001500085035001100100040000900111082002000120100001900140245006700159250001000226260003200236300002600268490006800294650001600362650002700378650003400405650003300439700002300472830006800495CHAP20220329143800.0110812s2006 us a r 00010 eng d a101807 a102779 a0387303030 a113468 cCHAP04a519.4bN67 20061 aNocedal, Jorge10aNumerical optimizationc/por Jorge Nocedal y Stephen J. Wright a2 ed. aNew York :bSpringer,c2006 axxii, 664 p. :bilus. aSpringer series in operation research and financial engineering14aAlgoritmos.14aAnálisis numérico.14aComputaciónxMatemáticas.14aOptimización matemática.1 aWright, Stephen J. 0aSpringer series in operation research and financial engineering